| 000 | 00345nam a2200097Ia 4500 | ||
|---|---|---|---|
| 008 | 220120s9999||||xx |||||||||||||| ||und|| | ||
| 100 |
_aJeevan, Nachappa, Niranjan and shahbaz Sultan _912448 |
||
| 245 | 0 | _aSingle point operating device for surveillance system | |
| 260 |
_aCoorg Institute of Technology _bPonnampet _c2011 |
||
| 650 | _aCOMPUTER SCIENCE | ||
| 999 |
_c138035 _d138035 |
||